[Event "ROU-chT Men Superliga 2018"]
[Site "Sovata"]
[Date "2018.11.25"]
[Round "2"]
[White "Manolache, Marius"]
[Black "Balla, Tamas-Kristof"]
[Result "1-0"]
[WhiteElo "2518"]
[BlackElo "2318"]
[Annotator "TA"]
[PlyCount "51"]
[EventDate "2018.11.24"]
[EventType "team-tourn"]
[EventCountry "ROU"]
[SourceTitle "playchess.com"]
[Source "ChessBase"]
[SourceQuality "1"]

{[%evp 12,51,32,25,84,76,81,79,75,64,78,100,491,102,106,105,109,97,553,534,1119,775,29979,29980,29980,1540,29979,1268,1462,956,941,924,1056,1053,973,0,722,0,894,614,982,948]} 1. d4 e6 2. Nf3 b6 3. Bf4 Bb7 4. Nbd2 f5 5. e3 Nf6 6. h3 {A80: Dutch Defence: Unusual White second moves} Be7 7. g4 {LiveBook: 4 Games} Ne4 (7... Nd5 $11 {remains equal.}) 8. gxf5 $16 {White is better.} Nxd2 $146 ({Predecessor:} 8... exf5 9. Rg1 Bf6 10. Ne5 Qe7 11. Qh5+ g6 12. Rxg6 hxg6 13. Qxg6+ Kd8 {0-1 (40) Kosic,D (2518)-Hoang,T (2470) Budapest 2006}) 9. Kxd2 exf5 10. Rg1 Bf6 11. Nh4 {Hoping for Rxg7!} Bxh4 $4 {[%mdl 8192]} (11... g6 $16 12. Nxf5 Nc6) 12. Rxg7 $2 (12. Qh5+ $1 $18 Kf8 13. Bg5 (13. Bc4 Qe7 $18) 13... Bxg5 14. Rxg5) 12... h5 {aiming for ...Qf6.} 13. Bc4 {[%mdl 1024] White has strong compensation.} Qf6 14. Be5 $1 $40 {[%cal Re5f6][%mdl 128] White has strong attack.} Qc6 $2 {[%mdl 8192]} (14... Qf8 $16 {is a better chance.} 15. c3 Bf6) 15. Bf7+ $18 {[%mdl 64] Double Attack} Kf8 16. Qg1 d6 17. Rg8+ Rxg8 18. Qxg8+ Ke7 {[#]} 19. Qg7 (19. Bf6+ $142 $1 {[%mdl 512]} Bxf6 (19... Kxf6 20. Bxh5) 20. Bxh5 Qxc2+ 21. Kxc2 Be4+ 22. Kb3 d5 23. Qf7+ Kd6 24. Qxf6+ Kd7 {[#]} 25. Be8+ $1 {[%mdl 512]} Kc8 26. Bc6 Nxc6 27. Qxc6) 19... dxe5 20. Bd5+ Kd8 21. Bxc6 Bxc6 22. Qg8+ Ke7 23. Qg7+ Kd8 24. Qg8+ Ke7 25. d5 Bd7 26. Rg1 {Accuracy: White = 55%, Black = 35%.} 1-0

[Event "ROU-chT Men Superliga 2018"]
[Site "Sovata"]
[Date "2018.11.25"]
[Round "2"]
[White "Murariu, Andrei"]
[Black "Berescu, Alin-Mile"]
[Result "1/2-1/2"]
[WhiteElo "2511"]
[BlackElo "2450"]
[Annotator "ChessBase"]
[PlyCount "24"]
[EventDate "2018.11.24"]
[EventType "team-tourn"]
[EventCountry "ROU"]
[SourceTitle "playchess.com"]
[Source "ChessBase"]
[SourceQuality "1"]
[TimeControl "40/5400+30:1800+30"]

1. e4 {[%emt 0:00:00]} c5 {[%emt 0:00:02]} 2. Nf3 {[%emt 0:02:54]} g6 {[%emt 0:01:16]} 3. d4 {[%emt 0:02:01]} cxd4 {[%emt 0:00:52]} 4. Qxd4 {[%emt 0:00:22]} Nf6 {[%emt 0:00:44]} 5. e5 {[%emt 0:00:11]} Nc6 {[%emt 0:00:13]} 6. Qa4 {[%emt 0:00:15]} Nd5 {[%emt 0:00:24]} 7. Qe4 {[%emt 0:00:19]} Nb6 {[%emt 0:01:39]} 8. Bb5 {[%emt 0:09:47]} Bg7 {[%emt 0:05:21]} 9. Nc3 {[%emt 0:00:44]} d5 {[%emt 0:04:22]} 10. exd6 {[%emt 0:08:55]} Qxd6 {[%emt 0:01:25]} 11. Bf4 {[%emt 0:00:45]} Qe6 {[%emt 0:13:04]} 12. Be5 {[%emt 0:05:43]} f6 {[%emt 0:11:38]} 1/2-1/2

[Event "ROU-chT Men Superliga 2018"]
[Site "Sovata"]
[Date "2018.11.25"]
[Round "2"]
[White "Ardelean, George-Catalin"]
[Black "Grigore, George-Gabriel"]
[Result "1/2-1/2"]
[WhiteElo "2494"]
[BlackElo "2488"]
[Annotator "ChessBase"]
[PlyCount "41"]
[EventDate "2018.11.24"]
[EventType "team-tourn"]
[EventCountry "ROU"]
[SourceTitle "playchess.com"]
[Source "ChessBase"]
[SourceQuality "1"]
[TimeControl "40/5400+30:1800+30"]

1. d4 {[%emt 0:00:00]} Nf6 {[%emt 0:00:18]} 2. Nf3 {[%emt 0:00:00]} g6 {[%emt 0:00:54]} 3. Bg5 {[%emt 0:00:00]} Bg7 {[%emt 0:00:14]} 4. Nbd2 {[%emt 0:00:09]} d6 {[%emt 0:00:23]} 5. e4 {[%emt 0:00:45]} O-O {[%emt 0:00:16]} 6. c3 {[%emt 0:00:24]} c5 {[%emt 0:00:09]} 7. dxc5 {[%emt 0:01:35]} dxc5 {[%emt 0:00:06]} 8. Be2 {[%emt 0:01:22]} Nc6 {[%emt 0:00:11]} 9. O-O {[%emt 0:00:24]} Qc7 {[%emt 0:00:27]} 10. h3 {[%emt 0:00:25]} Nh5 {[%emt 0:04:17]} 11. Be3 {[%emt 0:08:42]} b6 {[%emt 0:00:25]} 12. Re1 {[%emt 0:00:05]} Bb7 {[%emt 0:14:49]} 13. a4 {[%emt 0:04:58]} Rab8 {[%emt 0:00:30]} 14. Qc2 {[%emt 0:00:30]} Na5 {[%emt 0:00:30]} 15. Nc4 {[%emt 0:00:30]} Nxc4 {[%emt 0:00:30]} 16. Bxc4 {[%emt 0:00:30]} Bc6 {[%emt 0:00:30]} 17. Bb5 {[%emt 0:00:30]} Nf6 {[%emt 0:00:30]} 18. Bg5 {[%emt 0:29:55]} h6 {[%emt 0:36:03]} 19. Bxf6 {[%emt 0:00:30]} exf6 {[%emt 0:00:30]} 20. Qe2 {[%emt 0:37:21]} Bb7 {[%emt 0:12:15]} 21. a5 {[%emt 0:01:42]} 1/2-1/2

[Event "ROU-chT Men Superliga 2018"]
[Site "Sovata"]
[Date "2018.11.25"]
[Round "2"]
[White "Visakh N R"]
[Black "Kuzubov, Yuriy"]
[Result "0-1"]
[WhiteElo "2489"]
[BlackElo "2660"]
[Annotator "TA"]
[PlyCount "62"]
[EventDate "2018.11.24"]
[EventType "team-tourn"]
[EventCountry "ROU"]
[SourceTitle "playchess.com"]
[Source "ChessBase"]
[SourceQuality "1"]

{[%evp 19,62,25,39,0,0,-3,0,-5,0,0,0,-11,-6,-27,-23,-112,-103,-115,-110,-137,-137,-143,-121,-206,-204,-183,-186,-254,-255,-265,-262,-256,-257,-251,-236,-230,-215,-322,-314,-308,-290,-488,-472,-461,-456]} 1. d4 Nf6 2. c4 e6 3. Nf3 d5 4. Nc3 Be7 5. Bf4 O-O 6. e3 Nbd7 7. Be2 dxc4 {D37: Queen's Gambit Declined: 5 Bf4} (7... c6 8. O-O Nh5 9. Rc1 Nxf4 10. exf4 b6 11. cxd5 cxd5 12. Bd3 Bb7 13. Qe2 a6 14. Rfe1 Bd6 15. Ne5 b5 16. Nb1 {1-0 (48) Wojtaszek,R (2727)-Bacrot,E (2678) Batumi 2018}) 8. Bxc4 c5 9. O-O a6 10. dxc5 Nxc5 {LiveBook: 21 Games} 11. Qxd8 Rxd8 12. Bc7 Rf8 $146 ({Predecessor:} 12... Re8 13. b4 Nce4 14. Nxe4 Nxe4 15. Bd3 Nc3 16. a3 Nd5 17. Rac1 Nxc7 18. Rxc7 {½-½ (52) Rajlich,I (2412)-Pokorna,R (2353) Istanbul 2012}) 13. b4 Nce4 14. Nxe4 Nxe4 15. a3 Bd7 {Hoping for ...Rfc8.} 16. Bd3 Rfc8 {Threatens to win with ...Nxf2.} 17. Rfc1 {[#]} (17. Be5 $11 Bc6 18. Rfd1) 17... Nc5 $1 $17 {[%cal Rc5d3][%mdl 512]} 18. bxc5 {Strongly threatening Bd6.} Rxc7 19. Rab1 Rac8 $1 20. Ne5 Be8 ({But not} 20... Bxc5 $6 21. Nxd7 Rxd7 22. Bxa6 $1 $11 {[%mdl 512]}) 21. Be4 (21. c6 $17) 21... Rxc5 $19 22. Rxc5 Rxc5 23. f4 {[#]} (23. Nf3 $142) 23... b5 $1 24. Bb7 a5 25. Ba6 f6 26. Nf3 e5 27. fxe5 fxe5 28. Nd2 (28. Kf1 {might work better.}) 28... Rc2 29. Nf3 Bc5 ({Not} 29... Bxa3 30. Bxb5 Bg6 31. Rd1 $17) 30. Bxb5 $2 (30. Kf1 {keeps fighting.} Bxa3 31. Nxe5 Rc1+ 32. Rxc1 Bxc1 33. Ke2) 30... Bxe3+ 31. Kf1 Rc1+ {[%mdl 64] Double Attack. Accuracy: White = 16%, Black = 84%.} 0-1

[Event "ROU-chT Men Superliga 2018"]
[Site "Sovata"]
[Date "2018.11.25"]
[Round "2"]
[White "Costachi, Mihnea"]
[Black "Ciorica, Mihai-Vlad"]
[Result "1-0"]
[WhiteElo "2484"]
[BlackElo "2097"]
[Annotator "TA"]
[PlyCount "36"]
[EventDate "2018.11.24"]
[EventType "team-tourn"]
[EventCountry "ROU"]
[SourceTitle "playchess.com"]
[Source "ChessBase"]
[SourceQuality "1"]

{[%evp 15,36,6,15,7,12,11,15,14,67,72,241,253,266,163,820,792,1034,1042,991,1016,1014,995,29999]} 1. d4 d5 2. c4 c6 3. Nf3 Nf6 4. Nc3 dxc4 5. e4 b5 6. Be2 {D15: Slav Defence: 4 Nc3 a6 and gambit lines after 4 Nc3 dxc4} b4 (6... e6 7. O-O Be7 8. a4 b4 9. e5 bxc3 10. exf6 Bxf6 11. bxc3 Ba6 12. Ne5 Bxe5 13. dxe5 Qxd1 14. Rxd1 {1-0 (27) Adhiban,B (2650)-Rapport,R (2715) Reykjavik 2018}) 7. Na4 Nxe4 8. Bxc4 Nd6 {LiveBook: 3 Games} 9. Bb3 e6 10. O-O Be7 11. Bf4 $146 ({Predecessor:} 11. Re1 O-O 12. Bf4 Nd7 13. Rc1 Nf5 {½-½ (47) Dragnev,V (2485)-Godena,M (2508) Le Castella 2018}) 11... Ba6 ({Black should play} 11... O-O $11) 12. Re1 $14 Bb5 $2 (12... O-O $16) 13. Nc5 $18 {[%cal Ba4c5,Bc5e6,Be6g7][%mdl 32]} Na6 14. Bxe6 {[#] And now Bd7+ would win.} fxe6 $2 (14... O-O) 15. Nxe6 {White is clearly winning.} Qd7 16. Nxg7+ Kd8 17. Ne5 Qb7 18. Qg4 Nc7 1-0

[Event "ROU-chT Men Superliga 2018"]
[Site "Sovata"]
[Date "2018.11.25"]
[Round "2"]
[White "Gavrilescu, David"]
[Black "Panait, Mihai-Catalin"]
[Result "1-0"]
[WhiteElo "2481"]
[BlackElo "2140"]
[Annotator "TA"]
[PlyCount "43"]
[EventDate "2018.11.24"]
[EventType "team-tourn"]
[EventCountry "ROU"]
[SourceTitle "playchess.com"]
[Source "ChessBase"]
[SourceQuality "1"]

{[%evp 13,43,6,12,5,8,20,24,25,77,65,152,164,206,212,218,153,247,252,381,378,394,388,368,382,391,387,371,347,612,606,912,912]} 1. e4 g6 2. d4 d6 3. Nc3 Bg7 4. f4 Nd7 5. Nf3 c6 6. Bd3 e5 {B06: Modern Defence} 7. dxe5 dxe5 {LiveBook: 8 Games} 8. f5 (8. O-O Ngf6 9. Kh1 O-O 10. f5 Qe7 11. Qe1 Nc5 12. Qh4 gxf5 13. Bg5 Re8 14. exf5 e4 15. Rae1 Qd6 16. Bxe4 Nfxe4 17. Nxe4 Nxe4 18. Rxe4 Bxf5 {½-½ (25) Lutz,C (2614)-Milov,V (2668) Cannes 2005}) 8... Nc5 {The position is equal.} 9. O-O $146 ({Predecessor:} 9. fxg6 hxg6 10. Be3 Nxd3+ 11. cxd3 Bg4 12. O-O Bh6 13. Qd2 Qd6 14. h3 Bxf3 15. Rxf3 {1-0 (31) Franco Pinanez,M (1694)-Ribeiro,R (1996) Ponta Grossa 2017}) 9... Nxd3 10. cxd3 {[%cal Bc2d3,Bd3d4][%mdl 32]} Nh6 (10... Nf6 $11 {remains equal.}) 11. Kh1 Qd6 {[#]} (11... f6 $14) 12. d4 $1 $16 Ng4 {[%cal Re5d4]} 13. h3 h5 {[%cal Re5d4]} 14. Qe1 Bf6 (14... exd4 $16 15. e5 Qb4) 15. Qg3 $18 gxf5 (15... Qe7 $142 16. fxg6 fxg6) 16. exf5 Bxf5 17. dxe5 ({Weaker is} 17. hxg4 hxg4+ 18. Nh2 Bh4 $16) 17... Nxe5 18. Bf4 {[%cal Rf4e5]} h4 19. Bxe5 hxg3 20. Bxd6 Bxh3 $2 {[#]} (20... Bxc3 21. bxc3 O-O-O 22. Bxg3 Rhg8) 21. gxh3 Rxh3+ 22. Kg2 {[%mdl 64] Double Attack. Accuracy: White = 90%, Black = 32%.} 1-0

[Event "ROU-chT Men Superliga 2018"]
[Site "Sovata"]
[Date "2018.11.25"]
[Round "2"]
[White "Vedmediuc, Serghei"]
[Black "Georgescu, Tiberiu-Marian"]
[Result "1-0"]
[WhiteElo "2472"]
[BlackElo "2505"]
[Annotator "TA"]
[PlyCount "67"]
[EventDate "2018.11.24"]
[EventType "team-tourn"]
[EventCountry "ROU"]
[SourceTitle "playchess.com"]
[Source "ChessBase"]
[SourceQuality "1"]

{[%evp 9,67,1,6,0,6,0,0,0,0,5,6,2,0,0,0,-7,-8,-26,0,-39,-2,-12,0,-18,14,0,15,12,48,46,52,52,54,47,50,56,55,49,57,63,58,56,59,0,4,4,20,0,0,0,0,-8,2,13,37,7,33,-75,-43,-51]} 1. c4 e6 2. Nf3 d5 3. g3 dxc4 4. Bg2 Nf6 5. Qa4+ Bd7 6. Qxc4 {A13: English Opening: 1...e6} c5 7. Ne5 Qc8 8. Nxd7 {The position is equal.} Qxd7 9. Nc3 Nc6 10. Qa4 Rc8 11. O-O Be7 12. a3 O-O 13. b4 c4 {[#]} 14. Qb5 $146 b6 15. Qxc4 Nxb4 $1 16. Qb3 Na6 (16... Nc6 {is more complex.} 17. Qb5 Rfd8 18. Rb1 Ng4 19. e3 Nge5) 17. Qb5 Nc5 18. Qxd7 Nfxd7 19. Rb1 Bf6 {[#]} 20. d4 $1 {[%mdl 512]} Nd3 (20... Bxd4 21. Nb5) 21. Bd2 Nxf2 {[%mdl 64] Decoy} 22. Rxf2 {Threatens to win with e3.} Bxd4 23. Nb5 $1 {[%cal Rb5d4]} Bxf2+ 24. Kxf2 a6 25. Na7 {[%mdl 1024] White has compensation.} Rc2 26. Be3 ({Better is} 26. Bb4 $14) 26... Ne5 $11 {[#] ...Ng4+ is the strong threat.} 27. Bxb6 Rb8 28. Rd1 f5 29. Bd4 Ng4+ $1 30. Ke1 Rb3 $132 {[%mdl 2048] Black has counterplay} 31. Nc6 Nxh2 32. Nd8 Rxg3 33. Kf2 (33. Bb7 $14 {stays ahead.}) 33... Rg6 34. Nc6 $1 {[%mdl 32768] Accuracy: White = 51%, Black = 71%. . Loss on time!?} 1-0

[Event "ROU-chT Men Superliga 2018"]
[Site "Sovata"]
[Date "2018.11.25"]
[Round "2"]
[White "Miron, Lucian-Costin"]
[Black "Lupulescu, Constantin"]
[Result "0-1"]
[WhiteElo "2465"]
[BlackElo "2601"]
[Annotator "TA"]
[PlyCount "99"]
[EventDate "2018.11.24"]
[EventType "team-tourn"]
[EventCountry "ROU"]
[SourceTitle "playchess.com"]
[Source "ChessBase"]
[SourceQuality "1"]

{[%evp 14,99,26,22,28,26,28,17,31,25,36,13,25,0,8,4,19,-18,-5,0,10,8,11,0,28,23,8,10,30,32,18,0,0,-10,0,0,-18,0,-8,-20,-39,-39,0,0,0,0,0,0,0,0,0,0,0,0,0,0,0,0,0,0,0,0,0,-193,-157,-2280,-2242,-29960,-29963,-29963,-29963,-29960,-5343,-29959,-29955,-29964,-29964,-29962,-29962,-12837,-10399,-29969,-1823,-995,0,-29970,-29970,-29975]} 1. e4 c5 2. Nc3 e6 3. Nf3 Nc6 4. d4 cxd4 5. Nxd4 a6 6. Bf4 d6 7. Bg3 Nf6 8. Be2 {LiveBook: 16 Games. B46: Sicilian: Taimanov: 5 Nc3 a6} (8. Nxc6 bxc6 9. e5 Nd5 10. Ne4 dxe5 11. Bxe5 f6 12. Bg3 e5 13. c4 Bb4+ 14. Nd2 Ne7 15. a3 Bc5 {1-0 (84) Ragger,M (2672)-Leroy,D (2297) Brest 2018}) 8... e5 9. Nxc6 bxc6 10. f4 $146 {White has an edge.} ({Predecessor:} 10. Qd2 Be7 11. Rd1 Rb8 12. b3 O-O 13. O-O Qc7 14. Kh1 Rb4 15. f4 {½-½ (30) Narayanan,S (2477)-Mishra,N (2328) Noida 2016}) 10... Qc7 11. O-O Be7 12. Kh1 O-O 13. Bf3 exf4 14. Bxf4 Nd7 15. Bg4 Ne5 16. Bxc8 Rfxc8 17. Bxe5 dxe5 18. Qf3 Bc5 19. Rad1 Rd8 20. Na4 Ba7 21. b3 Rxd1 22. Rxd1 Rd8 23. Rd3 Qe7 24. g3 g6 {[%cal Bg7g6,Bg6g5][%mdl 32]} 25. Kg2 h5 26. c3 Rxd3 27. Qxd3 Qf6 {[#] Strongly threatening ...Qf2+.} 28. Qd2 g5 29. Nb2 g4 {[%csl Gg4][%cal Rf6f3]} 30. Qe2 Qg5 31. Nd3 a5 32. h3 Kg7 33. hxg4 (33. a4 {with more complications.} gxh3+ 34. Kxh3 Qf6 35. b4 Bb6 36. Ne1) 33... hxg4 34. Nf2 Bxf2 $1 35. Kxf2 $11 {[%mdl 4096] Endgame KQ-KQ} f5 36. Qe3 Qf6 37. Ke2 f4 {[%cal Bf5f4,Bf4g3,Bg3g2][%mdl 32]} 38. Qa7+ $2 (38. Qd3 $11) 38... Kh6 39. Qd7 $2 (39. Qf2 $17) 39... fxg3 $19 40. Qxg4 Qf2+ 41. Kd3 g2 42. Qe6+ Kg5 43. Qxe5+ Kh4 44. Qe7+ Kh3 45. Qe6+ Kh2 46. Qh6+ {[#]} Kg1 $1 47. Qh5 Qf1+ (47... Qf4 $142 48. Qxa5 Kf1 49. Qa7 Qf3+ 50. Qe3 Qxe3+ 51. Kxe3 g1=Q+ 52. Kd3 Qg3+ 53. Kc4 Ke2 54. Kd4 Qd6+ 55. Kc4 Kd2 56. b4 Qe5 57. Kb3 Qxc3+ 58. Ka4 Qc4 59. Ka3 Kc3 60. e5 Qxb4#) 48. Ke3 Qf2+ (48... Qc1+ $19 49. Ke2 Qc2+ 50. Ke3 Qf2+ 51. Kd3 Qf4) 49. Kd3 Qf4 50. Kd4 {Accuracy: White = 52%, Black = 68%.} 0-1

[Event "ROU-chT Men Superliga 2018"]
[Site "Sovata"]
[Date "2018.11.25"]
[Round "2"]
[White "Morozov, Nichita"]
[Black "Vavric, Pavel"]
[Result "1/2-1/2"]
[WhiteElo "2439"]
[BlackElo "2351"]
[Annotator "NA RC"]
[PlyCount "56"]
[EventDate "2018.11.24"]
[EventType "team-tourn"]
[EventCountry "ROU"]
[SourceTitle "playchess.com"]
[Source "ChessBase"]
[SourceQuality "1"]
[TimeControl "40/5400+30:1800+30"]

1. d4 {[%emt 0:00:00]} Nf6 {[%emt 0:00:00]} 2. c4 {[%emt 0:00:00]} g6 {[%emt 0:00:11]} 3. Nc3 {[%emt 0:00:30]} Bg7 {[%emt 0:03:30]} 4. e4 {[%emt 0:00:05]} d6 {[%emt 0:00:04]} 5. Be2 {[%emt 0:00:57]} O-O {[%emt 0:00:23]} 6. Be3 {[%emt 0:00:06]} e5 {[%emt 0:04:16]} 7. d5 {[%emt 0:00:04]} Na6 {[%emt 0:01:18]} 8. Bf3 {[%emt 0:03:26]} c6 {[%emt 0:04:24]} 9. h3 {[%emt 0:01:13]} Bd7 {[%emt 0:06:01]} 10. a3 {[%emt 0:12:47]} Nc7 {[%emt 0:13:56]} 11. Nge2 {[%emt 0:03:56]} b5 {[%emt 0:03:18]} 12. dxc6 {[%emt 0:00:00]} Bxc6 {[%emt 0:00:05]} 13. cxb5 Nxb5 {[%emt 0:00:11]} 14. O-O {[%emt 0:02:01]} Qe7 {[%emt 0:09:23]} 15. Qc2 {[%emt 0:15:12]} Rac8 {[%emt 0:03:33]} 16. Rfd1 {[%emt 0:01:02]} Rfd8 {[%emt 0:04:38]} 17. Rac1 {[%emt 0:03:11]} Qb7 {[%emt 0:02:35]} 18. Qb1 {[%emt 0:08:07]} Nc7 {[%emt 0:02:10]} 19. b4 {[%emt 0:03:14]} a6 {[%emt 0:13:12]} 20. Rd2 {[%emt 0:05:35]} h6 {[%emt 0:01:12]} 21. Rcd1 {[%emt 0:01:11]} Bf8 {[%emt 0:00:14]} 22. Bc5 {[%emt 0:06:30]} Nce8 {[%emt 0:03:29]} 23. Be3 {[%emt 0:03:07]} Nc7 {[%emt 0:04:06]} 24. Bc5 {[%emt 0:02:30]} Nce8 {[%emt 0:00:30]} 25. Be3 {[%emt 0:00:07]} Nc7 {[%emt 0:08:23]} 26. Bc5 Nce8 27. Be3 Kg7 28. a4 Rb8 1/2-1/2

[Event "ROU-chT Men Superliga 2018"]
[Site "Sovata"]
[Date "2018.11.25"]
[Round "2"]
[White "Cioara, Andrei-Nestor"]
[Black "Berkes, Ferenc"]
[Result "0-1"]
[WhiteElo "2427"]
[BlackElo "2661"]
[Annotator "TA"]
[PlyCount "50"]
[EventDate "2018.11.24"]
[EventType "team-tourn"]
[EventCountry "ROU"]
[SourceTitle "playchess.com"]
[Source "ChessBase"]
[SourceQuality "1"]

{[%evp 26,50,0,0,18,8,8,0,9,13,-4,-24,-40,-41,0,-42,-47,-40,0,-179,-150,-233,-314,-1695,-1688,-1587,-1517]} 1. d4 Nf6 2. c4 g6 3. g3 Bg7 4. Bg2 O-O 5. Nf3 d6 6. O-O c6 7. Nc3 Na6 8. e4 e5 9. h3 Qb6 10. d5 Nc5 11. Re1 cxd5 12. cxd5 Bd7 13. Rb1 a5 14. Bf1 {LiveBook: 7 Games} Qd8 {E69: King's Indian: Fianchetto: 6...Nbd7 7 0-0 e5 8 e4 c6 9 h3} 15. a4 {[#]} Ne8 $146 ({Predecessor:} 15... Qc8 16. Kh2 Ne8 17. Be3 f5 18. exf5 gxf5 {½-½ (41) Aseev,K (2525)-Voitsekhovsky,S (2545) St Petersburg 1998}) 16. Be3 Rc8 {The position is equal.} 17. Nd2 f5 18. Nc4 f4 $1 {[%cal Rf4e3]} 19. Bd2 h5 20. Nb5 (20. b3 {seems wilder.} Bh6 21. Qf3 fxg3 22. Qxg3 Bxd2 23. Nxd2 g5 24. Be2) 20... fxg3 21. fxg3 {[#]} Rxf1+ $1 {[%mdl 512]} 22. Rxf1 $2 (22. Kxf1 $11 Nd3 23. Qe2 Nxe1 24. Bxe1) 22... Nxe4 $19 23. Rc1 (23. b3 $17 Bxh3 24. Rf3) 23... Bxh3 {And now ...Rxc4 would win.} 24. Nxa5 $2 (24. Rf2) 24... Qb6+ 25. Kh2 Bxf1 {Accuracy: White = 24%, Black = 66%.} 0-1

[Event "ROU-chT Men Superliga 2018"]
[Site "Sovata"]
[Date "2018.11.25"]
[Round "2"]
[White "Baltag, Iulian"]
[Black "Marin, Mihail"]
[Result "0-1"]
[WhiteElo "2414"]
[BlackElo "2555"]
[Annotator "TA"]
[PlyCount "58"]
[EventDate "2018.11.24"]
[EventType "team-tourn"]
[EventCountry "ROU"]
[SourceTitle "playchess.com"]
[Source "ChessBase"]
[SourceQuality "1"]

{[%evp 19,58,9,9,9,10,14,19,11,11,0,0,-13,-7,-14,-15,-62,-66,-74,0,-114,-121,-114,-122,-160,-156,-149,-153,-373,-376,-366,-365,-370,-367,-803,-784,-851,-754,-1209,-1150,-29985,-1661]} 1. e4 e6 2. d4 d5 3. Bd3 c5 4. exd5 exd5 5. Nf3 Nc6 (5... Nf6 6. O-O c4 7. Re1+ Be7 8. Be2 O-O 9. b3 cxb3 10. axb3 Nc6 11. c3 Re8 12. Nbd2 Bd6 13. Bd3 Bg4 14. Rxe8+ Qxe8 {0-1 (52) Fontaine,R (2563)-Carlsen,M (2834) chess.com INT 2018}) 6. O-O {C01: French: Exchange Variation} Nf6 7. Re1+ Be7 {[%cal Bf8e7,Be7c5,Bc5b6][%mdl 32]} 8. dxc5 O-O 9. Nbd2 {[%cal Bb1d2,Bd2b3,Bb3d4][%mdl 32]} Bxc5 10. Nb3 Bb6 {LiveBook: 3 Games} 11. h3 Ne4 12. Be3 Bf5 13. c3 Bg6 14. Nbd4 Re8 15. Bf1 $146 ({Predecessor:} 15. Qc2 Rc8 16. Nxc6 bxc6 17. Nd2 Nxd2 {½-½ (17) Colovic,A (2432)-Marin,M (2544) Porto Mannu 2018}) 15... Rc8 16. Qa4 Bh5 17. Nxc6 bxc6 18. Nd4 Qd6 (18... c5 $17 19. Nf3 c4) 19. g4 (19. Ba6 $1 $11) 19... Bg6 $17 20. Bg2 h5 21. Rad1 hxg4 22. hxg4 {[#]} Qd7 $1 $36 {[%mdl 2048] White must now prevent ...Nc5. Black is on the roll.} 23. Bf3 $2 (23. Nf5 $17 Bxf5 24. gxf5 Qxf5 25. Qc2) 23... Nc5 $19 24. Qa3 Nd3 25. Rxd3 Bxd3 26. Rd1 $2 (26. Qa4) 26... Be4 {[#] Threatens to win with ...Bxf3.} 27. Be2 Qd8 {aiming for ...Qh4.} 28. Bf4 Qh4 {[%csl Ge4][%cal Rh4h1]} 29. Bh2 Qh3 {Precision: White = 19%, Black = 87%.} (29... Bc7 $142 30. Nf3 Qxg4+ 31. Kf1 Qh3+ 32. Ke1 Bxf3 33. Qa6 Bxh2 34. Rd4 Rxe2+ 35. Qxe2 Bxe2 36. Kd2 Qf1 37. Kc2 Qxf2 38. Kb1 Rb8 39. b4 Bc4 40. Kc1 Bxa2 41. Rd2 Qe1+ 42. Kb2 Qb1+ 43. Ka3 Qb3#) 0-1

[Event "ROU-chT Men Superliga 2018"]
[Site "Sovata"]
[Date "2018.11.25"]
[Round "2"]
[White "Macovei, Andrei"]
[Black "Parligras, Mircea-Emilian"]
[Result "1/2-1/2"]
[WhiteElo "2369"]
[BlackElo "2645"]
[Annotator "TA"]
[PlyCount "46"]
[EventDate "2018.11.24"]
[EventType "team-tourn"]
[EventCountry "ROU"]
[SourceTitle "playchess.com"]
[Source "ChessBase"]
[SourceQuality "1"]

{[%evp 17,46,22,16,31,44,19,32,32,31,37,28,0,0,0,0,0,12,0,11,12,41,16,64,-16,6,6,32,19,119,69,74]} 1. e4 c5 2. Nf3 e6 3. d4 cxd4 4. Nxd4 Nc6 5. Nc3 a6 6. Nxc6 bxc6 7. Bd3 d5 8. O-O Nf6 9. Qe2 Be7 10. Na4 {B46: Sicilian: Taimanov: 5 Nc3 a6} O-O 11. c4 dxe4 12. Bxe4 Nxe4 $146 ({Predecessor:} 12... Bb7 13. Bf3 Qc7 14. Be3 Nd7 15. Rad1 c5 16. Bxb7 Qxb7 17. Rd2 Qc6 {1-0 (53) Dominguez Perez,L (2677)-Quesada Perez,Y (2515) Santa Clara 2007}) 13. Qxe4 f5 14. Qe2 f4 15. f3 e5 16. Rd1 Qc7 17. b3 Bf5 18. Bb2 $36 {[%mdl 2048] Black is under pressure.} Qa7+ (18... Bf6 {feels hotter.} 19. Kh1 e4 20. Bxf6 Rxf6 21. fxe4 Qe5) 19. Kh1 Rae8 20. Nc3 ({White should play} 20. Qxe5 $14 Bf6 21. Qd6 (21. Qxf4 Bxb2 22. Nxb2 Bc2 $15)) 20... Bc5 21. Ne4 Rf7 22. a3 Rd7 (22... Bf8 $11 {remains equal.}) 23. b4 Bf8 {Accuracy: White = 60%, Black = 48%.} 1/2-1/2